| 000 | 03860cam a22005654i 4500 | ||
|---|---|---|---|
| 003 | PE-LiUPU | ||
| 005 | 20250731172834.0 | ||
| 008 | 090617s2008 tnu rb 000 0 eng | ||
| 020 | _a0805448608 | ||
| 020 | _a9780805448603 | ||
| 035 | _a(Sirsi) i9780805448603 | ||
| 040 |
_aDLC _cDLC _dDLC _dPE-LiUPU |
||
| 049 | _aPRUA | ||
| 082 | 0 | 4 |
_a270.82 _bA2 |
| 245 | 0 | 4 |
_aThe advent of evangelicalism : _bexploring historical continuities / _cedited by Michael A. G. Haykin & Kenneth J. Stewart; foreword by Timothy George. |
| 264 | 1 |
_aNashville, Tenn. : _bB & H Academic008. |
|
| 300 |
_a432 páginas , _c23 centímetros. |
||
| 336 |
_atext _2rdacontent |
||
| 337 |
_aunmediated _2rdamedia |
||
| 338 |
_avolume _2rdacarrier |
||
| 504 | _aIncluye bibliografía. | ||
| 505 | 0 | _aIntroduction. The reception given Evangelicalism in modern Britain since its publication in 1989 / Timothy Larsen -- Evangelicalism and the Enlightenment : a reassessment / Michael A. G. Haykin -- Regional perspectives. Evangelicalism in Scotland from Knox to Cunningham / A. T. B. McGowan -- Continuity, novelty and evangelicalism in Wales, c. 1640-1850 / D. Densil Morgan -- Calvinistic Methodism and the origins of evangelicalim in England / David Ceri Jones -- 'Prayer for a saving issue' : evangelical development in New England before the Great Awakening / Thomas S. Kidd -- Evangelicalism and the Dutch Further Reformation / Joel R. Beeke -- Era perspectives. The evangelical character of Martin Luther's faith / Cameron A. MacKenzie -- Calvin, A. M. Toplady and the Bebbington thesis / Paul Helm -- Thomas Cranmer and Tudor evangelicalism / Ashley Null -- Puritanism, evangelicalism and the evangelical Protestant tradition / John Coffey -- Jonathan Edwards : continuator or pioneer of evangelical history? / Douglas A. Sweeney and Brandon G. Withrow -- The Evangelical Revival through the eyes of the 'Evangelical Century' : nineteenth-century perceptions of the origins of evangelicalism / Ian J. Shaw -- Evangelical doctrines. The antecedents of evangelical conversion narrative : spiritual autobiography and the Christian tradition / D. Bruce Hindmarsh -- Enlightenment epistemology and eighteenth-century evangelical doctrines of assurance / Garry J. Williams -- Evangelical eschatology and 'the Puritan hope' / Crawford Gribben -- The evangelical doctrine of Scripture, 1650-1850 : a re-examination of David Bebbington's theory / Kenneth J. Stewart -- Response. Response / David W. Bebbington. | |
| 526 | _aSEG42 | ||
| 526 | _aSEG41 | ||
| 526 | _aSEG40 | ||
| 526 | _aSEG39 | ||
| 526 | _aP94 | ||
| 526 | _aP87 | ||
| 526 | _aP86 | ||
| 526 | _aP85 | ||
| 526 | _aP77 | ||
| 526 | _aP76 | ||
| 526 | _aP35 | ||
| 650 | 1 | 4 |
_aEvangelismo _xHistoria. |
| 650 | 2 | 4 |
_aEvangelismo _zEstados Unidos. _93101 |
| 650 | 2 | 4 |
_aEvangelismo _zGran Bretaña. |
| 700 | 1 | _aGeorge, Timothy. | |
| 700 | 1 | _aHaykin, Michael A. G. | |
| 700 | 1 | _aStewart, Kenneth J. | |
| 856 | 4 | 1 |
_3Tabla de contenido _uhttp://www.loc.gov/catdir/toc/fy0906/2009284230.html |
| 910 |
_ajche _bjkc _cjche _d20150826 |
||
| 942 |
_2ddc _cBOOK |
||
| 949 |
_aPGT 270.82 A2 _wDEWEY _c1 _i71985 _lCCODEBUL1 _mBUL _p46.93 _r0 _sY _tBOOK _u2015-8-26 _xTEOLOGIA _PP85 _0COMPRA _o.CIRCNOTE. No olvidar cambiar la fecha de devolución!!!!!!! _o.STAFF. Posgrado |
||
| 994 |
_aC0 _bPEPRU |
||
| 856 | 4 | 1 |
_3Tabla de contenido _uhttp://www.loc.gov/catdir/toc/fy0906/2009284230.html |
| 856 | 4 | 1 |
_3Tabla de contenido _uhttp://www.loc.gov/catdir/toc/fy0906/2009284230.html |
| 596 | _a1 | ||
| 999 |
_aPGT 270.82 A2 _wDEWEY _c6900 _i71985 _f2021-11-11 _g6 _lCCODEBUL1 _mBUL _p46.93 _r0 _sY _tBOOK _u2015-8-26 _xTEOLOGIA _PP85 _0COMPRA _o.CIRCNOTE. No olvidar cambiar la fecha de devolución!!!!!!! _o.STAFF. Colección Teología _d6900 |
||
| 980 |
_81 _gALBERTO SANCHEZ Responsable de Automatización |
||